<?xml version="1.0" encoding="UTF-8"?>
<record
    xmlns:xsi="http://www.w3.org/2001/XMLSchema-instance"
    xsi:schemaLocation="http://www.loc.gov/MARC21/slim http://www.loc.gov/standards/marcxml/schema/MARC21slim.xsd"
    xmlns="http://www.loc.gov/MARC21/slim">

  <leader>00730nam a22002297b 4500</leader>
  <controlfield tag="003">3228</controlfield>
  <controlfield tag="005">20250225160315.0</controlfield>
  <controlfield tag="008">250225b        sa a|||| |||| 00| 0 eng d</controlfield>
  <datafield tag="020" ind1=" " ind2=" ">
    <subfield code="a">9781786178299</subfield>
    <subfield code="q">hbk</subfield>
  </datafield>
  <datafield tag="040" ind1=" " ind2=" ">
    <subfield code="a">RDA</subfield>
    <subfield code="c">3228</subfield>
  </datafield>
  <datafield tag="041" ind1=" " ind2=" ">
    <subfield code="2">E</subfield>
  </datafield>
  <datafield tag="082" ind1=" " ind2=" ">
    <subfield code="a">J 550 CLAY</subfield>
  </datafield>
  <datafield tag="100" ind1=" " ind2=" ">
    <subfield code="a">Claybourne, Anna</subfield>
  </datafield>
  <datafield tag="100" ind1=" " ind2=" ">
    <subfield code="a">Oliver, Clare </subfield>
    <subfield code="9">105931</subfield>
  </datafield>
  <datafield tag="100" ind1=" " ind2=" ">
    <subfield code="a">Riley, Peter </subfield>
    <subfield code="9">152332</subfield>
  </datafield>
  <datafield tag="245" ind1=" " ind2=" ">
    <subfield code="a">Wild About Planet Earth</subfield>
    <subfield code="c">Written by: Anna Claybourne, Clare Oliver, Peter Riley</subfield>
  </datafield>
  <datafield tag="260" ind1=" " ind2=" ">
    <subfield code="a">Thaxted : </subfield>
    <subfield code="b">Miles Kelly Publishing Ltd ;</subfield>
    <subfield code="c">2019..</subfield>
  </datafield>
  <datafield tag="300" ind1=" " ind2=" ">
    <subfield code="a">160 pages :</subfield>
    <subfield code="b">colour illustrations ; </subfield>
    <subfield code="c">29 cm.</subfield>
  </datafield>
  <datafield tag="504" ind1=" " ind2=" ">
    <subfield code="a">Includes index</subfield>
  </datafield>
  <datafield tag="650" ind1=" " ind2=" ">
    <subfield code="a">Earth (Planet)&#x2014;Pictorial works&#x2014;Juvenile literature</subfield>
    <subfield code="9">192030</subfield>
  </datafield>
  <datafield tag="942" ind1=" " ind2=" ">
    <subfield code="2">ddc</subfield>
    <subfield code="c">BOOK</subfield>
    <subfield code="w">175</subfield>
    <subfield code="x">Naomi Ntsimane</subfield>
    <subfield code="y">175</subfield>
    <subfield code="z">Naomi Ntsimane</subfield>
  </datafield>
  <datafield tag="999" ind1=" " ind2=" ">
    <subfield code="c">772465</subfield>
    <subfield code="d">772464</subfield>
  </datafield>
  <datafield tag="952" ind1=" " ind2=" ">
    <subfield code="0">0</subfield>
    <subfield code="1">0</subfield>
    <subfield code="2">ddc</subfield>
    <subfield code="4">0</subfield>
    <subfield code="7">0</subfield>
    <subfield code="8">500</subfield>
    <subfield code="a">STANRL</subfield>
    <subfield code="b">NTHOL</subfield>
    <subfield code="c">CHILD</subfield>
    <subfield code="d">2025-02-25</subfield>
    <subfield code="g">289.30</subfield>
    <subfield code="l">0</subfield>
    <subfield code="o">J 550 CLAY</subfield>
    <subfield code="p">3322803186319</subfield>
    <subfield code="r">2025-02-25</subfield>
    <subfield code="w">2025-02-25</subfield>
    <subfield code="y">BOOK</subfield>
  </datafield>
  <datafield tag="952" ind1=" " ind2=" ">
    <subfield code="0">0</subfield>
    <subfield code="1">0</subfield>
    <subfield code="2">ddc</subfield>
    <subfield code="4">0</subfield>
    <subfield code="7">0</subfield>
    <subfield code="8">500</subfield>
    <subfield code="a">STANRL</subfield>
    <subfield code="b">MORGL</subfield>
    <subfield code="c">CHILD</subfield>
    <subfield code="d">2025-02-26</subfield>
    <subfield code="g">289.30</subfield>
    <subfield code="l">0</subfield>
    <subfield code="o">J 550 CLAY</subfield>
    <subfield code="p">3322803186315</subfield>
    <subfield code="r">2025-02-26</subfield>
    <subfield code="w">2025-02-26</subfield>
    <subfield code="y">BOOK</subfield>
  </datafield>
  <datafield tag="952" ind1=" " ind2=" ">
    <subfield code="0">0</subfield>
    <subfield code="1">0</subfield>
    <subfield code="2">ddc</subfield>
    <subfield code="4">0</subfield>
    <subfield code="7">0</subfield>
    <subfield code="8">500</subfield>
    <subfield code="a">STANRL</subfield>
    <subfield code="b">THISL</subfield>
    <subfield code="c">CHILD</subfield>
    <subfield code="d">2025-02-26</subfield>
    <subfield code="g">289.30</subfield>
    <subfield code="l">0</subfield>
    <subfield code="o">J 550 CLAY</subfield>
    <subfield code="p">3322803186314</subfield>
    <subfield code="r">2025-02-26</subfield>
    <subfield code="w">2025-02-26</subfield>
    <subfield code="y">BOOK</subfield>
  </datafield>
  <datafield tag="952" ind1=" " ind2=" ">
    <subfield code="0">0</subfield>
    <subfield code="1">0</subfield>
    <subfield code="2">ddc</subfield>
    <subfield code="4">0</subfield>
    <subfield code="7">0</subfield>
    <subfield code="8">500</subfield>
    <subfield code="a">STANRL</subfield>
    <subfield code="b">BALFL</subfield>
    <subfield code="c">CHILD</subfield>
    <subfield code="d">2025-02-26</subfield>
    <subfield code="g">289.30</subfield>
    <subfield code="l">0</subfield>
    <subfield code="o">J 550 CLAY</subfield>
    <subfield code="p">3322803186313</subfield>
    <subfield code="r">2025-02-26</subfield>
    <subfield code="w">2025-02-26</subfield>
    <subfield code="y">BOOK</subfield>
  </datafield>
  <datafield tag="952" ind1=" " ind2=" ">
    <subfield code="0">0</subfield>
    <subfield code="1">0</subfield>
    <subfield code="2">ddc</subfield>
    <subfield code="4">0</subfield>
    <subfield code="7">0</subfield>
    <subfield code="8">500</subfield>
    <subfield code="a">STANRL</subfield>
    <subfield code="b">STAND</subfield>
    <subfield code="c">CHILD</subfield>
    <subfield code="d">2025-02-26</subfield>
    <subfield code="g">289.30</subfield>
    <subfield code="l">0</subfield>
    <subfield code="o">J 550 CLAY</subfield>
    <subfield code="p">3322803186312</subfield>
    <subfield code="r">2025-02-26</subfield>
    <subfield code="w">2025-02-26</subfield>
    <subfield code="y">BOOK</subfield>
  </datafield>
  <datafield tag="952" ind1=" " ind2=" ">
    <subfield code="0">0</subfield>
    <subfield code="1">0</subfield>
    <subfield code="2">ddc</subfield>
    <subfield code="4">0</subfield>
    <subfield code="7">0</subfield>
    <subfield code="8">500</subfield>
    <subfield code="a">STANL</subfield>
    <subfield code="b">STANL</subfield>
    <subfield code="c">CHILD</subfield>
    <subfield code="d">2025-02-26</subfield>
    <subfield code="g">289.30</subfield>
    <subfield code="o">J 550 CLAY</subfield>
    <subfield code="p">3322803186311</subfield>
    <subfield code="r">2025-02-26</subfield>
    <subfield code="v">289.30</subfield>
    <subfield code="w">2025-02-26</subfield>
    <subfield code="y">BOOK</subfield>
  </datafield>
</record>
